01403cam a2200373 a 4500952015300000999001700153001000900170003000400179005001700183008004100200010001700241020001500258020001800273025002700291035002200318037006300340040001900403042001000422043001200432050002400444082002000468100002900488245007800517260003300595300002900628504006600657520004300723650002900766650003900795651002900834856007500863906004500938942004600983 00102ddc40708SOCIAL SCIENCEaMESbMEScSOCIAL SCIENCEd2019-02-20g575.00l0o307.1412 LIE/Pp29167r2019-02-20 00:00:00w2019-02-20yBKzGL41R5 c21011d2101113155902OSt20200616114928.0030227s2003 ii a b 001 0 eng  a 2003313439 a8173044759 a9788173044755 aI-E-2003-313439; 63-91 a(DLC) 2003313439 bLibrary of Congress -- New Delhi Overseas OfficecRs575.00 aDLCcoclcdDLC alcode aa-ii---00aHN690.R63bL54 2003 a307.1412bLIE/P aLieten, G Kd1946-9296510aPower, politics, and rural development :bessays on India /cG.K. Lieten. aNew Delhi :bManohar,c2003. a284 p. :bill. ;c23 cm. aIncludes bibliographical references (p. [261]-276) and index. aWith reference to Panchayats in India. 0aLocal governmentzIndia. 0aRural development projectszIndia. 0aIndiaxRural conditions.413Table of contentsuhttp://www.loc.gov/catdir/toc/fy043/2003313439.html a7bcbccorigoded3encipf20gy-gencatlg 2ddccBKh307.1412iLIE/Pk307.1412mLIE/P